Statistiques concernant Arrêts de la ligne 63 de Lyon (TCL)

Cliquez ici pour prendre le quiz!

Statistiques générales

  • Ce quiz a été pris 9 fois
  • Le résultat moyen est 13 sur 21

Statistiques - réponses

ArrondissementArrêt% Correct
OullinsOrsel
100%
OullinsOullins Mairie
100%
Lyon 2ePerrache
100%
La MulatièrePont de La Mulatière
100%
OullinsBas des Chassagnes
83%
La MulatièreBastéro - Aquarium
83%
OullinsLes Ifs
83%
Lyon 2eMusée des Confluences
83%
OullinsPont d'Oullins
83%
OullinsOullins Le Golf
67%
OullinsOullins Ville
67%
Lyon 2eHôtel de Région Montrochet
50%
OullinsMerlo
50%
OullinsOasis
50%
Lyon 2eCasimir - Perier
33%
Lyon 2eClaudius Collonge
33%
OullinsMerlus
33%
OullinsMont Louis
33%
Lyon 2ePlace des Archives
33%
Lyon 2ePont Kitchener RG
33%
Lyon 2eRavat
33%

Distribution des résultats

Percentile par nombre de réponses

% des personnes avec chaque résultat

Votre développement - résultats

Vous n’avez pas pris ce quiz